00359nam a2200097Ia 4500008004100000100002300041245007900064260004300143650001400186856006100200160909s9999 xx 000 0 und d aGraham, Terrece F. aTaking Root in Foreign Soil: Adaptation Processes of Imported Universities bThe George Washington Universityc2016 aEDUC/SPED uhttp://pqdtopen.proquest.com/doc/1806945300.html?FMT=ABS